PRACTICAL HANDBOOK OF PHARMACOTHERAPEUTICS [ 2ND YERS ] (Record no. 8453)

MARC details
000 -LEADER
fixed length control field 00454nam a22001697a 4500
005 - DATE AND TIME OF LATEST TRANSACTION
control field 20231103141155.0
008 - FIXED-LENGTH DATA ELEMENTS--GENERAL INFORMATION
fixed length control field 231103b |||||||| |||| 00| 0 eng d
020 ## - INTERNATIONAL STANDARD BOOK NUMBER
ISBN 978-93-95295-59-8
041 ## - LANGUAGE CODE
Language code of text/sound track or separate title eng
082 ## - DEWEY DECIMAL CLASSIFICATION NUMBER
Classification number 610.7
100 ## - MAIN ENTRY--AUTHOR NAME
Personal name GAWALI, DR. VIKAS B. AND OTHERS
245 ## - TITLE STATEMENT
Title PRACTICAL HANDBOOK OF PHARMACOTHERAPEUTICS [ 2ND YERS ]
260 ## - PUBLICATION, DISTRIBUTION, ETC. (IMPRINT)
Place of publication JALGAON
Name of publisher PRITAM PUBLICATION
Year of publication 2022
300 ## - PHYSICAL DESCRIPTION
Number of Pages 133,p
650 ## - SUBJECT ADDED ENTRY--TOPICAL TERM
Topical Term PHARMACY
942 ## - ADDED ENTRY ELEMENTS (KOHA)
Koha item type Books
Holdings
Lost status Damaged status Collection code Home library Current library Shelving location Date acquired Source of acquisition Cost, normal purchase price Full call number Accession Number Koha item type
    PHARMACY JRU Library JRU Library Reference Section 03/11/2023 PURCHASE [LBI000224/29-10-2023] 225.00 610.7 28083 Books
    PHARMACY JRU Library JRU Library SHELF-4-E 03/11/2023 PURCHASE [LBI000224/29-10-2023] 225.00 610.7 28084 Books
    PHARMACY JRU Library JRU Library Shelf - 27- E 03/11/2023 PURCHASE [LBI000224/29-10-2023] 225.00 610.7 28085 Books